| 000 | 00592nam a2200205 a 4500 | ||
|---|---|---|---|
| 001 | BRCA_6896 | ||
| 005 | 20190321142934.0 | ||
| 008 | 141111s1909----enk#######---#000-0#eng-# | ||
| 041 | _aeng | ||
| 044 | _aenk | ||
| 050 | 4 | _b.S53 1909 | |
| 100 | 1 |
_aShakespeare, William _d1564-1616. _910760 |
|
| 245 | 1 | 0 |
_aShakespeare´s comedy of a Midsummer night´s cream _cwith preface and glossary by Israel Gollancz. |
| 260 |
_aLondres _bJ. M. Dent _c1909 |
||
| 300 |
_axiii,112 p. _c13 cm. |
||
| 500 | _aL144 | ||
| 700 | 1 |
_aGollancz, Israel _cSir _d1864-1930 _917176 |
|
| 902 | _aGFM | ||
| 942 |
_2lcc _cB |
||
| 999 |
_c6578 _d6578 |
||